Statistics for Vince Vaughn Movies

Click here to take the quiz!

General Stats

  • This quiz has been taken 6 times
  • The average score is 9 of 17

Answer Stats

Release YearCostarsMovie% Correct
2003Will Ferrell, Luke WilsonOld School
100%
2004Ben Stiller, Rip TornDodgeball: A True Underdog Story
80%
1996Heather Graham, Jon FavreauSwingers
80%
2005Brad Pitt, Angelina JolieMr. & Mrs. Smith
60%
1998Julianne Moore, Viggo MortensenPsycho
60%
1997Jeff Goldblum, Julianne MooreThe Lost World: Jurassic Park
60%
2005Owen Wilson, Christopher WalkenWedding Crashers
60%
2017Jennifer Carpenter, Don JohnsonBrawl in Cell Block 99
40%
1998Joaquin Phoenix, Scott WilsonClay Pigeons
40%
2018Mel Gibson, Michael Jai WhiteDragged Across Concrete
40%
2019Dwayne Johnson, Nick FrostFighting with My Family
40%
2008Reese Witherspoon, Robert DuvallFour Christmases
40%
2016Andrew Garfield, Sam WorthingtonHacksaw Ridge
40%
2004Ben Stiller, Snoop DoggStarsky and Hutch
40%
2011Kevin James, Winona RyderThe Dilemma
40%
2013Owen Wilson, Josh GadThe Internship
40%
2012Ben Stiller, Jonah HillThe Watch
20%

Score Distribution

Percentile by Number Answered

Percent of People with Each Score

Your Score History

You have not taken this quiz